Statistics for MLB Baseball Home Run Champs by Year

Click here to take the quiz!

General Stats

  • This quiz has been taken 20,555 times
    (1,343 since last reset)
  • The average score is 31 of 62

Answer Stats

YearsPlayer% Correct
1919, 1920, 1921, 1923, 1924, 1926, 1927, 1928, 1929, 1931Babe Ruth
95%
1993, 2001Barry Bonds
91%
2000Sammy Sosa
85%
1987, 1996, 1997, 1998, 1999Mark McGwire
85%
1956Mickey Mantle
80%
2017Giancarlo Stanton
77%
1994Matt Williams
76%
1941, 1942Ted Williams
76%
1923Cy Williams
76%
2002, 2003, 2007Alex Rodriguez
75%
1957Hank Aaron
74%
1955, 1962, 1965Willie Mays
71%
1931, 1934, 1936Lou Gehrig
70%
1961Roger Maris
69%
1982Reggie Jackson
63%
2019Pete Alonso
62%
2009Albert Pujols
62%
1937Joe DiMaggio
61%
1974, 1975, 1976, 1980, 1981, 1983Mike Schmidt
60%
2013, 2015Chris Davis
59%
1966Frank Robinson
59%
2018Khris Davis
59%
1995Albert Belle
58%
1932, 1933, 1935, 1939Jimmie Foxx
56%
2006, 2008Ryan Howard
56%
1982Gorman Thomas
56%
1968Frank Howard
56%
2012Miguel Cabrera
55%
2005Andruw Jones
54%
1963, 1964, 1967, 1969Harmon Killebrew
54%
1988, 1991Jose Canseco
53%
2003Jim Thome
53%
1990, 1991Cecil Fielder
52%
1970, 1972Johnny Bench
49%
2020Luke Voit
49%
1992, 1993Juan Gonzalez
49%
1967Carl Yastrzemski
47%
1971, 1973Willie Stargell
45%
2010, 2011Jose Bautista
45%
1935, 1938, 1946Hank Greenberg
44%
1977George Foster
40%
1930Hack Wilson
40%
1960Ernie Banks
39%
1947, 1948, 1949, 1950, 1951, 1952Ralph Kiner
39%
2014Nelson Cruz
37%
1922, 1925Rogers Hornsby
35%
1953, 1958, 1959Eddie Mathews
35%
1987Andre Dawson
34%
1978Jim Rice
33%
1979Dave Kingman
31%
2016Mark Trumbo
30%
1940, 1947, 1948Johnny Mize
29%
1985Darrell Evans
27%
2004Adrian Beltre
27%
1989Kevin Mitchell
26%
1984Tony Armas
22%
1986Jesse Barfield
21%
1954Ted Kluszewski
19%
1952Hank Sauer
16%
1943Rudy York
14%
1944Bill Nicholson
13%
1945Tommy Holmes
12%

Score Distribution

Percentile by Number Answered

Percent of People with Each Score

Your Score History

You have not taken this quiz since the last reset